Statistics for Edmonton Oilers Records

Click here to take the quiz!

General Stats

  • This quiz has been taken 268 times
  • The average score is 8 of 17

Answer Stats

HintAnswer% Correct
Most Points1669Wayne Gretzky
99%
Most Wins by a Goaltender226Grant Fuhr
79%
(Team Record) Stanley Cups5
78%
Most points by a Defenseman669Paul Coffey
75%
(Team Record) Conference Championships7
70%
(Team Record) Divison Championships9
69%
(Team Record) Presidents Trophies2
68%
Most Games Coached842Glen Sather
48%
(Team Record) Most Wins in a Season'8457
46%
Most Games Played by a Goaltender449Bill Ranford
46%
Most Games Played1037Kevin Lowe
41%
Most Shutouts23Tommy Salo
25%
(Team Record) Most Goal For in a Season'84446
12%
Most Penalty Minutes1747Kelly Buchberger
10%
(Team Record) Fewest Goals For'11193
8%
(Team Record) Most Goals Against'93337
8%
(Team Record) Fewest Goals Against'02182
8%

Score Distribution

Percentile by Number Answered

Percent of People with Each Score

Your Score History

You have not taken this quiz